[Event "ARG-chT"]
[Site "Villa Martelli"]
[Date "2015.09.26"]
[Round "5.3"]
[White "Slipak, Sergio"]
[Black "Martinez, Javier"]
[Result "1-0"]
[WhiteElo "2436"]
[BlackElo "1767"]
[PlyCount "85"]
[EventDate "2015.08.29"]
[EventType "team-swiss"]
[EventRounds "9"]
[EventCountry "ARG"]
[SourceTitle "EXT 2017"]
[Source "ChessBase"]
[SourceDate "2016.10.25"]
[SourceVersion "1"]
[SourceVersionDate "2016.10.25"]
[SourceQuality "1"]
[WhiteTeam "Republica Martelli"]
[BlackTeam "Quilmes"]
[WhiteTeamCountry "ARG"]
[BlackTeamCountry "ARG"]

1. d4 Nf6 2. Nf3 c6 3. c4 d6 4. Nc3 Bg4 5. e4 Nbd7 6. Be2 Bxf3 7. Bxf3 e5 8. d5 Be7 9. 0-0 0-0 10. Be3 c5 11. a3 h6 12. g3 Nh7 13. Bg2 a6 14. Qe2 Bg5 15. f4 Bf6 16. Rac1 Re8 17. Kh1 Rb8 18. b4 b6 19. Rc2 Nhf8 20. f5 Kh7 21. h4 Qe7 22. Bf3 Rec8 23. b5 Ra8 24. Qe1 Nb8 25. Rh2 Nfd7 26. g4 g5 27. fxg6+ fxg6 28. g5 Bg7 29. h5 gxh5 30. Bxh5 Rf8 31. Rhf2 Rf4 32. Bxf4 exf4 33. Rxf4 Ne5 34. gxh6 Kxh6 35. Bf7 Nxf7 36. Rxf7 Qg5 37. Rxg7 Qh5+ 38. Kg2 Kxg7 39. Qg3+ Qg6 40. Qxg6+ Kxg6 41. Rf8 Kg7 42. Rd8 Kf6 43. bxa6 1-0

[Event "RD-2011-0-00058"]
[Site "LSS email"]
[Date "2011.11.18"]
[Round "?"]
[White "Richter, Klaus"]
[Black "Martinez, Javier"]
[Result "1-0"]
[WhiteElo "1581"]
[BlackElo "1400"]
[PlyCount "23"]
[EventDate "2011.08.13"]
[EventType "tourn (corr)"]
[EventRounds "6"]
[EventCountry "GER"]
[SourceTitle "Corr 2015"]
[Source "ChessBase"]
[SourceDate "2015.07.17"]
[SourceVersion "1"]
[SourceVersionDate "2015.07.17"]
[SourceQuality "1"]

1. d4 Nf6 2. f3 e6 3. e4 Be7 4. Nc3 0-0 5. Be2 d6 6. f4 a6 7. Nf3 b5 8. e5 Ne8 9. 0-0 f6 10. a4 Bb7 11. axb5 axb5 12. Rxa8 1-0

[Event "OP-2011-0-01868"]
[Site "LSS email"]
[Date "2011.11.09"]
[Round "?"]
[White "Hlavica, Bretislav"]
[Black "Martinez, Javier"]
[Result "1-0"]
[WhiteElo "2104"]
[BlackElo "1400"]
[PlyCount "45"]
[EventDate "2011.11.06"]
[EventType "tourn (corr)"]
[EventRounds "4"]
[EventCountry "GER"]
[SourceTitle "Telechess CBM 157"]
[Source "ChessBase"]
[SourceDate "2013.11.12"]
[SourceVersion "1"]
[SourceVersionDate "2013.11.12"]
[SourceQuality "1"]

1. d4 Nf6 2. c4 e5 3. dxe5 Ng4 4. Nf3 Nc6 5. Bf4 Bb4+ 6. Nbd2 Qe7 7. e3 Ngxe5 8. Nxe5 Nxe5 9. a3 Bxd2+ 10. Qxd2 0-0 11. c5 d6 12. cxd6 cxd6 13. Be2 Rd8 14. 0-0 Ng6 15. Bg3 Be6 16. Rac1 Rac8 17. Rxc8 Bxc8 18. Qd4 b6 19. Rd1 d5 20. Rc1 Bb7 21. Bg4 Qe4 22. h3 f5 23. Qxe4 1-0

[Event "OP-2011-0-01868"]
[Site "LSS email"]
[Date "2011.11.09"]
[Round "?"]
[White "Martinez, Javier"]
[Black "Bester, Kazimierz"]
[Result "0-1"]
[WhiteElo "1400"]
[BlackElo "706"]
[PlyCount "26"]
[EventDate "2011.11.06"]
[EventType "tourn (corr)"]
[EventRounds "4"]
[EventCountry "GER"]
[SourceTitle "Corr 2015"]
[Source "ChessBase"]
[SourceDate "2015.07.17"]
[SourceVersion "1"]
[SourceVersionDate "2015.07.17"]
[SourceQuality "1"]

1. e4 d5 2. exd5 Qxd5 3. Nc3 Qa5 4. d3 Nc6 5. Bd2 Bf5 6. Ne4 0-0-0 7. Bxa5 Nxa5 8. Qh5 g6 9. Qh4 Bg7 10. 0-0-0 f6 11. Nf3 g5 12. Nexg5 fxg5 13. Qxg5 Bh6 0-1